| 000 | 01075nam a22002417a 4500 | ||
|---|---|---|---|
| 999 |
_c17531 _d17531 |
||
| 003 | AR-CdUCM | ||
| 008 | 190508b ||||| |||| 00| 0 spa d | ||
| 040 |
_aMUNICIPALIDAD PROVINCIAL DEL CUSCO _cBIBLIOTECA MUNICIPAL DEL CUSCO |
||
| 082 |
_a332.42 / _bK39 |
||
| 100 |
_aKemmerer, Edwin Walter, _937583 |
||
| 245 |
_aOro y patrón oro : _bhistoria de la moneda, su pasado, presente y futuro / |
||
| 260 |
_aBuenos Aires : _bEdit. Sudamericana, _c1958. |
||
| 300 |
_a261 paginas ; _c18 cm. |
||
| 440 |
_aColección Piragua _913120 |
||
| 500 | _aTitulo original : Gold and the gold standard | ||
| 505 | _aContenido : El oro en las monedas de la antigüedad y de la edad media -- Dos mil años de moneda oro en Inglaterra -- Moneda oro y patrón oro en los Estados Unidos antes de la primera guerra mundial -- Características del patrón oro... | ||
| 650 |
_aOro (Moneda) _937584 |
||
| 650 |
_aEstados Unidos. _91805 |
||
| 650 |
_aCuestión monetaria _97311 |
||
| 700 |
_aSerra Moret, Manuel (Traducción) _937585 |
||
| 942 |
_2ddc _cLIBROS |
||
| 945 |
_awnts _d2019-05-08 |
||